000 00351nam a2200145Ia 4500
008 090124s9999 xx 000 0 und d
082 _b303363
245 _a जिगर
250 _a1
260 _bवाळिंबे शरदचंद्र
_c1997
300 _a304
630 _a जिगर
730 _a जिगर
942 _cBOOK
999 _c193000
_d193000